Normal view MARC view

Entry Título uniforme

Number of records used in: 1

001 - NÚMERO DE CONTROL

  • campo de control: 239026

003 - IDENTIFICADOR DE NÚMERO DE CONTROL

  • campo de control: ES-MaACL

005 - FECHA Y HORA DE LA ÚLTIMA TRANSACCIÓN

  • campo de control: 20250819085859.0

008 - ELEMENTOS DE DATO DE LONGITUD-FIJA

  • campo de control de longitud fija: 241004|| aca||aabn | a|a d

040 ## - FUENTE DE CATALOGACIÓN

  • Centro catalogador/agencia de origen: ES-MaACL
  • Centro/agencia transcriptor: ES-MaACL

130 #3 - ENCABEZAMIENTO--TÍTULO UNIFORME

  • Título uniforme: El franquismo, año a año-
  • Subdivisión de forma: Índices

670 ## - FUENTE DE DATOS ENCONTRADOS

  • Cita de la fuente: Work cat.: (ES-MaACL)196530: Los protagonistas y los hechos :, [2007].